000 00547nam a22001817a 4500
003 BUBTL
008 170916b xxu||||| |||| 00| 0 eng d
020 _a978-1-107-67347-2
082 _a330.01519BOM
100 _91393
_aBoland,Lawrence A.
245 _aModel Building in Economics :
_bIts Purpose and Limitations/
_cLawrence A.Boland
260 _aNew York :
_bCambridge University Press,
_cc2014.
300 _axix,275 p. :
_c21 cm.
650 0 _924
_aEconomics
856 _k0
_l0
_yDownload
942 _2ddc
_cBK
999 _c5513
_d5513